Les clubs les plus titrés de chaque pays européen - Statistiques

Statistiques générales
  • Ce quiz a été pris 74 fois
  • Le résultat moyen est 24 sur 55
Statistiques - réponses
Pays Clubs Nombres de titres % Correct
Allemagne Bayern Munich 83
96%
Espagne Real Madrid 102
96%
Angleterre Manchester UnitedLiverpool 68
94%
France PSG 52
94%
Italie Juventus 71
92%
Portugal Benfica 86
82%
Croatie Dinamo Zagreb 62
82%
Pays-Bas Ajax 76
79%
Ecosse Rangers 118
76%
Belgique Anderlecht 64
73%
Turquie Galatasaray 61
70%
Danemark Copenhague 27
69%
Israel Maccabi Tel Aviv 66
69%
Grèce Olympiakos 81
69%
Ukraine Dynamo Kiev 66
65%
Serbie Etoile Rouge Belgrade 63
65%
Suède Malmo 42
65%
République Tchèque Sparta Prague 52
62%
Chypre APOEL 64
61%
Finlande HJK Helsinki 53
56%
Albanie KF Tirana 54
54%
Roumanie Steaua Bucarest 61
52%
Pologne Legia 40
49%
Liechtenstein Vaduz 50
48%
Autriche Austria Vienne 58
45%
Russie Spartak Moscou 37
45%
Azerbaidjan Qarabag 21
42%
Bulgarie CSKA Sofia 56
41%
Hongrie Ferencvaros 68
41%
Biélorussie Bate 28
35%
Norvège Rosenborg 42
35%
Moldavie Sheriff 40
35%
Slovaquie Slovan Bratislava 45
35%
Malte La Valette 52
34%
Géorgie Dinamo Tbilissi 46
28%
Islande KR Reykjavik 54
27%
Kosovo Pristina 36
27%
Slovénie Maribor 29
25%
Suisse Grasshopper Zurich 50
23%
Gibraltar Lincoln 76
20%
Irlande Shamrock Rovers 67
18%
Pays de Galles The New Saints 37
17%
Estonie Flora 34
14%
Luxembourg Jeunesse d'Esch 43
14%
Andorre Santa Coloma 29
14%
Kazakhstan Kairat Almaty 17
13%
Lituanie Žalgiris Vilnius 34
13%
Macédoine du Nord Vardar 19
10%
Iles Féroé HB Tórshavn 60
10%
Irlande du Nord Linfield 117
10%
Arménie Pyunik Erevan 35
10%
Lettonie Skonto Riga 23
6%
Saint-Marin Tre Fiori 22
6%
Monténégro Budućnost Podgorica 12
4%
Bosnie-Herzégovine Željezničar 16
3%
Aucun quiz correspondant
Distribution des résultats
% des personnes avec chaque résultat
Percentile par nombre de réponses
Votre historique - résultats
Vous n’avez pas pris ce quiz